书目信息 |
| 题名: |
数学分析习题集题解
|
|
| 作者: | 曹敏谦 编 | |
| 分册: | 6 | |
| 出版信息: | 上海 上海交通大学应用数学系 |
|
| 页数: | 277页 | |
| 开本: | 20cm | |
| 丛书名: | ||
| 单 册: | ||
| 中图分类: | O17-44 | |
| 科图分类: | ||
| 主题词: | 数学分析 | |
| 电子资源: | ||
| ISBN: | ||
| 000 | 00514nam0 2200181 450 | |
| 001 | 0658910437 | |
| 005 | 20060815153752.15 | |
| 100 | @a20060722d km y0chiy0120 ea | |
| 101 | 0 | @achi |
| 102 | @aCN@b310000 | |
| 200 | 1 | @a数学分析习题集题解@h6@Ashu xue fen xi xi ti ji ti jie@f曹敏谦编@Fcao min qian bian |
| 210 | @a上海@c上海交通大学应用数学系 | |
| 215 | @a277页@d20cm | |
| 606 | 0 | @a数学分析 |
| 690 | @aO17-44@v3 | |
| 701 | 0 | @a曹敏谦@Acao min qian@4编 |
| 801 | 0 | @aCN@bPFT@c20060815 |
| 905 | @a10447@dO17-44@e101:6 | |
| 数学分析习题集题解.6/曹敏谦编.-上海:上海交通大学应用数学系 |
| 277页;20cm |
| ISBN : |
| ● |
| 相关链接 |
|
|
|
|
正题名:数学分析习题集题解
索取号:O17-44/101:6
 
预约/预借
| 序号 | 登录号 | 条形码 | 馆藏地/架位号 | 状态 | 备注 |
| 1 | 0460315 | 204603152 | 密集书库/ [索取号:O17-44/101:6] | 在馆 |